| 000 | 01255nas a2200421 4500 | ||
|---|---|---|---|
| 001 | BR0604432 | ||
| 003 | BR-BrBNA | ||
| 005 | 20231205110415.0 | ||
| 007 | ta | ||
| 008 | 230509b bl.|||p| |||| 00| 00por d | ||
| 040 |
_aBR-BrBNA _bpor _cBiblioteca Nacional de Agricultura |
||
| 041 | _a(Pt) | ||
| 072 | _aL02; L51; L50 | ||
| 100 | 1 | _aFonseca, C.E.M. da | |
| 100 | 1 | _aValadares, R.F.D. | |
| 100 | 1 | _aValadares Filho, S. de C. | |
| 100 | 1 | _aLeão, M.I. | |
| 100 | 1 | _aCecon, P.R. | |
| 100 | 1 | _aRodrigues, M.T. | |
| 100 | 1 | _aPina, D. dos S. | |
| 100 | 1 | _aMarcondes, M.I. | |
| 100 | 1 | _aPaixão, M.L. | |
| 100 | 1 | _aAraújo, A.M. | |
| 245 | 1 | _aEstimativa da produção microbiana em cabras lactantes alimentadas com diferentes teores de proteína na dieta | |
| 650 | _aCABRA | ||
| 650 | _aNUTRIÇÃO ANIMAL | ||
| 650 | _aPROTEÍNA BRUTA | ||
| 650 | _aPROTEÍNA MICROBIANA | ||
| 650 | _aESTIMATIVA | ||
| 650 | _aRÚMEN | ||
| 650 | _aPURINA | ||
| 650 | _aURINA | ||
| 650 | _aMODELO MATEMÁTICO | ||
| 650 | _aCOLORIMETRIA | ||
| 773 | 0 |
_tRevista Brasileira de Zootecnia (Brazil) _xISSN 1516-3598 _g(May-Jun 2006), v. 35(3)Suplemento p. 1169-1177 _wBR0604432 |
|
| 909 |
_a202311 _bLúcia _c55 _dLúcia Elande |
||
| 942 |
_2AGRIS _n0 _cANA |
||
| 999 |
_c187268 _d187268 |
||